000
00230 a2200097 4500
001
15169
100
_a
Darling H.A
245
_a
A course of elementary workshop drawing
260
_a
London
_b
Blackie son
_c
090
_c
11913
_d
11913
942
_a
NUST-CAE
_c
M
_c
2129
999
_c
250242
_d
250242